Дело о выкупе земельных наделов временнообязанными крестьянами Рейхарта застенка Вилькдобе Шавельского уезда Ковенской губернии

Доступно только в Электронных читальных залах Найти на картеНа карте
RUSMARC
00004004nmc2a2200000 x 450
001dd68ce78-75c1-4914-822c-5e7011faf63d
00520160109103251.0
100##$a20150212l18841884k l0rusy0189 ca
1010#$arus
102##$aRU
2001#$aДело о выкупе земельных наделов временнообязанными крестьянами Рейхарта застенка Вилькдобе Шавельского уезда Ковенской губернии
$j30 июля - 24 ноября 1884 г.
251##$cДело
300##$aДело
300##$aОриг. заголовок дела: Дело Рейхарт Ковенской губернии Шавельского уезда имения Довгелайце из застенка Вилькдобе. 30 июля 1884 г. - 24 ноября 1884 г
801#0$aRU
$bРГИА
$c20150212
$gRCR
801#1$aRU
$bГлавНИВЦ
$c20150212
$2rusmarc
801#2$aRU
$bПБ им. Б.Н. Ельцина
$c20160109
$gRCR
$2rusmarc
850##$aРГИА
852##$aРГИА
$eФедеральное казенное учреждение "Российский государственный исторический архив" (РГИА)
$j2261
937##$hРГИА
$d11175711
$aASBIBLIO_SCAN
462#0$1001502adf71-6cdd-4b0a-8019-ccd751bf1031
$12001
$aДела Главного выкупного учреждения Министерства финансов по Ковенской губернии
$1251
$cОпись
$1852
$j15
461#0$10018ef30ad5-ff5c-4840-a721-74c62a200f95
$12001
$aГлавное выкупное учреждение Министерства финансов
$1251
$cФонд
$1852
$j577
215##$a21 л.
$d36,5x26 см
371##$aДокумент не является опубликованным и широко распространяемым
105##$aу###
1222#$ad
5171#$aДело Рейхарт Ковенской губернии Шавельского уезда имения Довгелайце из застенка Вилькдобе. 30 июля 1884 г. - 24 ноября 1884 г
035##$add68ce78-75c1-4914-822c-5e7011faf63d
Формат отображения